000 00414nam a2200181Ia 4500
001 3658
005 20260306145659.0
008 260306t2004||||xx |||||||||||||| ||spa||
041 _aESP
082 _a301
_bS47
100 _aSharon, Douglas
_eAUT
245 0 _aEl Chamán de los cuatro vientos
260 _c2004
300 _a256 páginas :
_c
650 _aGEN
654 _aCHU
942 _cLIB
_dJUS
_fJUS
_2ddc
_n
999 _c3658
_d3658